Εισαγωγή στο λογισμό των μεταβολών : μεταπτυχιακή διατριβή
Αναφέρονται βασικές έννοιες του λογισμού των μεταβολών, μορφές συναρτησοειδών, παράγωγοι συναρτησοειδών, η εξίσωση Euler, προβλήματα πολλαπλών ολοκληρωμάτων, τα προβλήματα Poisson και Plateau, η Χαμιλτονιανή θεωρία....
Saved in:
| Main Author: | |
|---|---|
| Corporate Author: | |
| Format: | Thesis Book |
| Language: | Greek |
| Published: |
2008.
|
| Subjects: | |
| Online Access: | http://hdl.handle.net/11610/12175 |
| Tags: |
Add Tag
No Tags, Be the first to tag this record!
|
MARC
| LEADER | 00000cam a2200000 i 4500 | ||
|---|---|---|---|
| 001 | 1/102677 | ||
| 008 | 090313s2008 gr | ||| |||| ||gre|| | ||
| 035 | |l 10103757 | ||
| 040 | |a GR-MyUA |b gre |e AACR2 | ||
| 041 | 0 | |a gre | |
| 082 | 0 | |a 515.64 |2 (22) | |
| 100 | 1 | |a Τριπιντής, Δημήτριος. | |
| 245 | 1 | 0 | |a Εισαγωγή στο λογισμό των μεταβολών : |b μεταπτυχιακή διατριβή / |c Δημήτρης Τριπιντής ; επιβλέπων καθηγητής, Νίκος Καραχάλιος. |
| 260 | |c 2008. | ||
| 300 | |a 64 σ. : |b εικ., σχέδια ; |c 30 εκ. | ||
| 502 | |a Διατριβή (μεταπτυχιακή) – Πανεπιστήμιο Αιγαίου, Σάμος, 2008. | ||
| 504 | |a Βιβλιογραφία: σ. 64. | ||
| 506 | 0 | |a Διάθεση πλήρους κειμένου - Ελεύθερη πρόσβαση. | |
| 520 | |a Αναφέρονται βασικές έννοιες του λογισμού των μεταβολών, μορφές συναρτησοειδών, παράγωγοι συναρτησοειδών, η εξίσωση Euler, προβλήματα πολλαπλών ολοκληρωμάτων, τα προβλήματα Poisson και Plateau, η Χαμιλτονιανή θεωρία. | ||
| 610 | 2 | 0 | |a University of the Aegean |x Dissertations. |
| 650 | 0 | 0 | |a Calculus of variations. |
| 650 | 0 | 0 | |a Dissertations, Academic |z Greece. |
| 700 | 1 | |a Καραχάλιος, Νικόλαος, |e dgs | |
| 710 | 2 | |a Πανεπιστήμιο Αιγαίου. |b Σχολή Θετικών Επιστημών. |b Τμήμα Μαθηματικών. |b Μεταπτυχιακό Πρόγραμμα Σπουδών Μαθηματική Μοντελοποίηση στις Φυσικές Επιστήμες και στις Σύγχρονες Τεχνολογίες. | |
| 852 | |a INST |b SAMOS |c DIATR |e 20090313 |h 515.64 ΤΡΙ |p 005300029159 |q 005300029159 |t MTXE |y 23 | ||
| 852 | |a INST |b SAMOS |c DIATR |e 20090313 |h 515.64 ΤΡΙ |p 005300029160 |q 005300029160 |t MTXE |y 23 | ||
| 856 | |u http://hdl.handle.net/11610/12175 | ||
| 901 | |a BIBL3-2009-1 | ||
| 909 | |a Σ |b 155812 | ||
| 909 | |a Σ |b 155813 | ||
| 924 | |a ΤΡΙΠΙΝΤΗΣ |b ΔΗΜΗΤΡΗΣ |y Σάμος |z 2008-12 | ||
| 970 | |a ΚΟΣΙΕΡΗΣ |b ΧΡΗΣΤΟΣ |z 2009/03/13 | ||